|
|
|
|
| LEADER |
00000nam0a2200000 4500 |
| 001 |
19016 |
| 005 |
20231030191515.0 |
| 010 |
|
|
|a 5884840225
|
| 035 |
|
|
|a (RuTPU)RU\TPU\book\19174
|
| 035 |
|
|
|a BOOK00000067
|
| 090 |
|
|
|a 19016
|
| 100 |
|
|
|a 20011209d1994 k y0rusy50 ca
|
| 101 |
1 |
|
|a rus
|c lav
|
| 102 |
|
|
|a LV
|
| 105 |
|
|
|a y z 001zy
|
| 200 |
1 |
|
|a Братство Грааля
|e пер. с латыш.
|f Р. Рудзитис
|g пер. Л. Данилов
|
| 210 |
|
|
|a Рига
|c Угунс
|d 1994
|
| 215 |
|
|
|a 320 с.
|
| 320 |
|
|
|a Библиогр.: с. 309-312
|
| 610 |
1 |
|
|a теософия
|
| 610 |
1 |
|
|a культура
|
| 610 |
1 |
|
|a живая этика
|
| 610 |
1 |
|
|a космизм
|
| 610 |
1 |
|
|a Шамбала
|
| 610 |
1 |
|
|a Беловодье
|
| 610 |
1 |
|
|a Китеж-град
|
| 686 |
|
|
|a Э442
|v LBC/SL-A
|2 rubbk
|
| 700 |
|
1 |
|a Рудзитис
|b Р.
|g Рихард
|
| 702 |
|
1 |
|a Данилов
|b Л.
|4 730
|
| 801 |
|
0 |
|a RU
|b 63413507
|c 20011209
|g PSBO
|
| 801 |
|
2 |
|a RU
|b 63413507
|c 20170307
|g PSBO
|
| 942 |
|
|
|c BK
|